| 000 | 00578nam a2200193Ia 4500 | ||
|---|---|---|---|
| 003 | GCL | ||
| 008 | 140319s9999 xx 000 0 ara d | ||
| 040 |
_aGCL / _cGCL |
||
| 082 | 0 | 4 |
_aد _b050 |
| 100 | 1 | _aكلير فهيم | |
| 245 | 1 | 0 |
_aالحب والصحة النفسية لابنائنا ( اقرا 425 ) / _cكلير فهيم |
| 300 | _a189 ص | ||
| 490 |
_aوثائق ونصوص _v0 |
||
| 650 | 0 | 4 | _aالصحة النفسية |
| 650 | 0 | 4 | _aالطب النفسى |
| 650 | 0 | 4 | _aالاطفال - علم نفس |
| 650 | 0 | 4 | _aالاطفال - رعاية |
| 942 |
_2ddc _cCF |
||
| 999 |
_c27374 _d27374 |
||